000 00930nam a22003257a 4500
001 BR6002205
003 BR-BrBNA
005 20230928083119.0
007 ta
008 230509b bl.||||| |||| 00| 0 por d
040 _aBR-BrBNA
_bpor
_cBiblioteca Nacional de Agricultura
041 _a(Por)
072 _aE10; E30
_b/G514
090 _ E10 BR6002205
110 1 _aSuperintendencia do Desenvolvimento do Nordeste, Recife, PE (Brasil)
245 1 _aPlano de acao para emergencia de seca. Atualizado para 1970 [Mao-de-Obra; Regiao nordeste; Brasil]
260 3 _aRecife, PE (Brasil):
_c1969.
300 _a70 p.
650 _aSECA
650 _aMAO-DE-OBRA
650 _aABASTECIMENTO
650 _aSAUDE
650 _aIRRIGACAO
650 _aFINANCIAMENTO
650 _aINVESTIMENTO
650 _aPLANEJAMENTO ECONOMICO
650 _aREGIAO NORDESTE
909 _a202309
_bLucia
_c55
_dLucia Elande
942 _cBK
999 _c11638
_d11638